Peace or war ; the American sturggle, 1636-1936 /

Bibliographic Details
Main Author: Curti, Merle (Merle Eugene), 1897-1996
Format: Book
Language:English
Published: New York : W. W. Norton & company, [1936]
Subjects:

MARC

Tag First Indicator Second Indicator Subfields
LEADER 00000cam a2200000 4500
001 in00000038648
005 20151007081207.0
008 770305s1936 xx 00000 eng
010 |a  36009208  
035 |a (OCoLC)02779605 
035 |9 AAF6009AM 
040 |a DLC  |c DMM  |d TXA  |d UtOrBLW 
049 |a TXAM  |c [60315] 
050 0 0 |a JX1961.U6  |b C83 
092 |a 172.4  |b C978P 
100 1 |a Curti, Merle  |q (Merle Eugene),  |d 1897-1996. 
245 1 0 |a Peace or war ;  |b the American sturggle, 1636-1936 /  |c by Merle Curti. 
264 1 |a New York :  |b W. W. Norton & company,  |c [1936] 
264 4 |c [©1936] 
300 |a 374 pages ;  |c 23 cm. 
336 |a text  |b txt  |2 rdacontent 
337 |a unmediated  |b n  |2 rdamedia 
338 |a volume  |b nc  |2 rdacarrier 
500 |a "First edition." 
500 |a "Notes": pages 313-358. 
650 0 |a Peace. 
650 0 |a Peace  |x Societies, etc. 
650 0 |a Public opinion  |z United States. 
650 0 |a Arbitration (International law)  |x History. 
651 0 |a United States  |x Foreign relations. 
999 |a MARS 
999 f f |s 320c1567-e044-31bf-b74c-7663dfec21e7  |i b51ec77f-f024-3fbd-94cd-94ae7f0f5071  |t 0 
952 f f |p ric  |a Texas A&M University  |b Rellis Campus  |c Joint Library Facility  |d Remote Storage  |t 0  |e JX1961.U6 C83  |h Library of Congress classification  |i unmediated -- volume  |m A14800534307 
998 f f |a JX1961.U6 C83  |t 0  |l Remote Storage